Finish the Lyrics - Thriller - Statistics

General Stats
  • This quiz has been taken 74 times
  • The average score is 36 of 60
Answer Stats
Hint Answer % Correct
It's close to ________ midnight
93%
Something evil's lurking in the ____ dark
88%
Thriller _____ night
88%
Thriller _____ night
88%
Thriller _____ night
88%
Thriller _____ night
88%
'Cause this is ________ thriller
86%
You know it's ________ thriller
86%
'Cause this is ________ thriller
86%
You know it's ________ thriller
86%
'Cause this is ________ thriller
86%
'Cause this is ________ thriller
86%
'Cause this is ________ thriller
86%
'Cause this is ________ thriller
86%
'Cause this is ________ thriller
86%
Under the _________ moonlight
80%
You try to ______ scream
80%
You see a sight that almost stops your _____ heart
76%
You're fighting for your ____ life
76%
You're fighting for your ____ life
76%
And realize there's nowhere left to ___ run
68%
And no one's gonna ____ you save
64%
And no one's gonna ____ you save
64%
You close your ____ eyes
63%
But ______ takes the sound before you make it terror
63%
You hear the door ____ slam
56%
And hope that this is just ___________ imagination
53%
Thriller _______ tonight
53%
I'm gonna thrill you _______ tonight
53%
Thriller _______ tonight
53%
I'm gonna thrill you _______ tonight
53%
I'm gonna thrill you _______ tonight
53%
I'm gonna thrill you _______, ooh baby tonight
53%
I'm gonna thrill you _______ tonight
53%
I'm gonna thrill you _______ tonight
53%
I'm gonna thrill you _______ tonight
53%
I'm gonna thrill you _______ tonight
53%
I'm gonna thrill you _______ tonight
53%
You're out of ____ time
51%
You hear a creature creeping up ______ behind
49%
Inside a ______ killer
49%
Inside a ______ killer
49%
______, thriller killer
49%
______, thriller killer
49%
And wonder if you'll ever see the ___ sun
49%
You're _________ paralyzed
47%
From the beast about to ______ strike
47%
From the beast about to ______ strike
47%
As ______ looks you right between your eyes horror
46%
You start to ______ freeze
44%
You feel the cold ____ hand
44%
The midnight hour is close at ____ hand
44%
Creatures crawl in search of _____ blood
41%
Darkness falls across the ____ land
39%
____, but all the while girl
36%
And rot inside a corpse's _____ shell
36%
To terrorize y'all's ____________ neighborhood
34%
And whosoever shall be _____ found
29%
Must stand and face the ______ of hell hounds
29%
Without the soul for getting ____ down
27%
No matching quizzes found
Score Distribution
Percent of People with Each Score
Percentile by Number Answered
Your Score History
You have not taken this quiz